Baby Donald chystá prekvapenie

Bibliographic Details
Main Author: Disney, Walt, 1901-1966 (Author)
Other Authors: Rosová, Tina (Translator)
Format: Book
Language:Slovak
PhysicalDescription:8 s. 17 cm
Published: Bratislava EGMONT ČSFR, spol. s r.o. 1991
ISBN:8071341223
Edition:1. vyd.

MARC

LEADER 00000nam a2200000 a 4500
001 vtls001067279
003 SK-MaSNL
005 20260413122811.0
008 250414s1991 xo 0 slo
015 |a SNBA1992/03 
020 |a 8071341223  |q (brož.) 
035 |a SNK000010109 
040 |a SNK  |b slo  |c SNK  |e AACR2 
041 0 |a slo 
044 |a xo  |c SK 
080 |a 820 (73)-3(087.5)  |2 1981 
080 |a 74  |2 1981 
100 1 |a Disney, Walt,  |d 1901-1966  |4 aut  |9 228783 
245 1 0 |a Baby Donald chystá prekvapenie  |c Walt Disney ; Tina Rosová 
250 |a 1. vyd. 
260 |a Bratislava  |b EGMONT ČSFR, spol. s r.o.  |c 1991  |e Skalica  |f Grafobal 
300 |a 8 s.  |c 17 cm 
700 1 |a Rosová, Tina  |4 trl  |9 550890 
852 |a Slovenská národná knižnica 
919 |a 80-7134-122-3 
954 |a rozprávky autorské  |a leporelá 
958 |a LX 
958 |a BQ 
958 |a DB 
958 |a TL 
958 |a UP 
999 |c 1114813  |d 1116743 
952 |t P60, <04>, [BOOK], {604}  |a SNK  |b SNK  |y VYP  |7 0  |p 17A0350876  |o snkSD 63990 D1  |i snkKSP 1372/92  |0 0  |1 0  |4 0  |d 2002-08-16  |l 0  |r 2004-12-31 00:00:00  |w 2026-02-24 
952 |a SNK  |b SNK  |y PREZ  |7 0  |p 17A1044613  |o snkSD 63990   |0 0  |1 0  |4 0  |d 2013-08-21  |l 0  |r 2026-02-24 18:12:55  |w 2026-02-24